000 00243nam a2200097Ia 4500
008 240331s9999 xx 000 0 und d
082 _bRAM
100 _aRamakrishnanan, N
245 0 _aAung San Suii Kyi :
_bBurmavin jananayakap porali
942 _cL
999 _c1861
_d1861